| 000 | 00390nam a2200157Ia 4500 | ||
|---|---|---|---|
| 008 | 230312s9999||||xx |||||||||||||| ||und|| | ||
| 020 | _a81-7992-475-0 | ||
| 082 |
_a621.3822 _bHEL-V |
||
| 100 | _aHelbert;John.N | ||
| 245 | 0 | _aVLSI Microlithography | |
| 260 |
_bWillian Adrew _aUSA _c2005 |
||
| 300 | _a1001 | ||
| 546 | _aEng. | ||
| 650 |
_aEngineering _vVLSI Microlithography |
||
| 942 | _cBK | ||
| 999 |
_c6569 _d6569 |
||